000 02075nam0a2200361 4500
001 RU\NLR\BIBL_A\022744694
005 20260503064426.0
010 _a978-5-00249-398-2
_9500
021 _aRU
_bКН-П-26-002709
_9КН-П-26-0247
035 _a(NLR Aleph) 022744694
090 _a13699943
_c13699943
100 _a20260305d2025 k y0rusy50 ca
101 0 _arus
_aeng
_deng
102 _aRU
105 _aa z 100zy
181 0 _ai3
_baxxe
182 0 _an
200 1 _aВопросы эффективного применения научного потенциала общества
_eсборник статей международной научно-практической конференции, 1 ноября 2025 г.
_fАэтерна, научно-издательский центр
_g[ответственный редактор: Сукиасян Асатур Альбертович, к. э. н.]
203 _aТекст
_bвизуальный
_cнепосредственный
210 _aУфа
_cАэтерна
_d2025
215 _a188 с.
_cил.
_d21
300 _aЧасть текста на англ. яз.
300 _aРез. отд. ст. на англ. яз.
606 1 _aНаучные конференции
_jСборники
_yКалуга, город
_92436100
_3RU\NLR\AUTH\6601667657
686 1 _aЯ431(2Р-4Калж-2К)
702 1 _4340
_7ca
_8rus
_aСукиасян
_bА. А.
_cканд. экон. наук
_gАсатур Альбертович
_9222547
_3RU\NLR\AUTH\770222603
711 1 2 _a"Вопросы эффективного применения научного потенциала общества", международная научно-практическая конференция
_eКалуга
_f2025
_92700684
_3RU\NLR\AUTH\880639987
712 0 2 _4475
_a"Аэтерна", научно-издательский центр
_cУфа
_9475081
_3RU\NLR\AUTH\880404035
942 _cBOOK
980 _aNB